00546cam a22002057a 4500003000500000005001700005008004100022010001000063011001000073035001000083040000900093082001300102100002200115245003500137260006200172300001000234490003900244650001800283830003900301CHAP20220329135524.0971013s1961 r 00010 d a37995 a38967 a43087 cCHAP a301bM5Y00aMills, C. Wright.13aLa imaginación sociológica aMéxico, D.F. :bFondo de Cultura Económica,c(c.1961) a236 p 0aSección de obras de sociología14aSociología.0 aSección de obras de sociología